000 00607nam a2200253Ia 4500
001 6477
003 12934
005 20250129093551.0
008 ||||||n9999 ||| || ||
041 _aspa
082 _220
_a347
100 _aFernandez Ruiz, Jose Luis
_911484
245 0 _aEstructura del derecho empresarial
250 _a2ed
260 _aEspaƱa :
_bDeusto,
_c1968.
300 _a172p
490 _aManuales practicos de gestion de empresas. Serie A
562 _e1
650 0 _aDerecho comercial
_910745
942 _cBKM
942 _cBKM
999 _c6477
_d6477
526 _a51868
526 _a1697